Political thought: men and ideas.

Bibliographic Details
Main Author: Abbo, John A., 1911-
Format: Book
Language:English
Published: Westminster, Md. : Newman Press, 1960.
Subjects:

MARC

Tag First Indicator Second Indicator Subfields
LEADER 00000cam a2200000 4500
001 in00000037781
005 20151007080623.0
008 740430s1960 eng u
010 |a  59014754  
035 |a (OCoLC)00873456 
035 |9 AAF5109AM 
040 |c AKR  |d TXA  |d UtOrBLW 
049 |a TXAM  |c [357929] 
050 0 0 |a JA81  |b .A3 
092 |a 320.9  |b A125p 
100 1 |a Abbo, John A.,  |d 1911- 
245 1 0 |a Political thought: men and ideas. 
264 1 |a Westminster, Md. :  |b Newman Press,  |c 1960. 
300 |a 452 pages ;  |c 23 cm. 
336 |a text  |b txt  |2 rdacontent 
337 |a unmediated  |b n  |2 rdamedia 
338 |a volume  |b nc  |2 rdacarrier 
504 |a Includes bibliography. 
650 0 |a Political science  |x History. 
999 |a MARS 
999 f f |s 3d2709d3-1c7e-36b1-a858-9e0199e66707  |i 375083ea-977b-3faf-b60a-752abc7e462d  |t 0 
952 f f |p ric  |a Texas A&M University  |b Rellis Campus  |c Joint Library Facility  |d Remote Storage  |t 0  |e JA81 .A3  |h Library of Congress classification  |i unmediated -- volume  |m A14800659181 
998 f f |a JA81 .A3  |t 0  |l Remote Storage